Caricamento...

Shunya tatha anya rachanayem/

Dettagli Bibliografici
Autore principale: Usha Priyamvada
Natura: Printed Book
Pubblicazione: New Delhi: Rajkamal, 1996.
Soggetti:
LEADER 00852nam a22001931a 4500
020 |a 9788171785551 
082 |a H3  |b USH/S 
100 |a Usha Priyamvada   |9 111880 
245 |a Shunya tatha anya rachanayem/  |c by Usha Priyamvada  
260 |a New Delhi:  |b Rajkamal,  |c 1996. 
300 |a 163p. 
650 |a Novel Hindi  |9 111881 
650 |a Literature Hindi  |9 111882 
650 |a Literature  |9 111883 
942 |c BK 
999 |c 41983  |d 41983 
952 |0 0  |1 0  |4 0  |6 H_3_000000000000000_USH_S  |7 0  |9 60750  |a SSUS  |b SSUS  |d 2015-01-08  |g 125.00  |o H3 USH/S  |p 026750  |r 2015-01-08  |v 0.00  |w 2015-01-08  |y BK 
952 |0 0  |1 0  |4 0  |6 H_3_000000000000000_USH_S  |7 0  |9 60751  |a SSUS  |b SSUS  |d 2015-01-08  |g 125.00  |o H3 USH/S  |p 038872  |r 2015-01-08  |v 0.00  |w 2015-01-08  |y BK 
952 |0 0  |1 0  |4 0  |6 H_3_000000000000000_USH_S  |7 0  |9 60752  |a SSUS  |b SSUS  |d 2015-01-08  |g 125.00  |o H3 USH/S  |p 051345  |r 2015-01-08  |v 0.00  |w 2015-01-08  |y BK